Statistiques concernant Quiz sur le RC Lens

Cliquez ici pour prendre le quiz!

Statistiques générales

  • Ce quiz a été pris 88 fois
    (80 depuis la dernière actualisation)
  • Le résultat moyen est 22 sur 40

Statistiques - réponses

QuestionRéponse% Correct
Quelle célébre chanson le stade reprend lors de la reprise de la seconde période ?Les Corons
97%
Dans quel stade évolue le RC Lens ?Stade Bollaert Delelis
97%
Qui est l'entraineur actuel du RC Lens ?Franck Haise
94%
En quelle année le RC Lens fut-il champion de France1998
91%
Avec quel club le RC Lens entretient-il une certaine rivalité ?Lille
91%
En quelle année le RC Lens fut-il fondé ?1906
89%
Avec quel entraineur le RC Lens est-il devenu champion de France en 1998 ?Daniel Leclercq
89%
Quel tribune est connue pour lancer des chants durant l'intégralité des matchs du RC Lens ?La Marek
89%
Quelle est la plus lourde défaite du RC Lens en Coupe d'Europe ?6-0 contre Arsenal
80%
Quel joueur passé par le RC Lens a été champion du monde?Raphael Varane
80%
Quel est le plus gros achat du RC LensSepe Elye Wahi
78%
Qui est le président actuel du RC Lens ?Joseph Oughourlian
77%
Quel joueur a quitté le RC Lens pour rejoindre Crystal Palace en 2022Cheick Doucouré
75%
Quelle est la plus grosse vente du RC Lens ?Lois Openda
75%
Quel joueur charismatique est arrivé à Lens en provenance de Udinese ?Seko Fofana
74%
Quelle était les couleurs du RC Lens a sa naissance ?Noir et Vert
71%
A qui l'entraineur actuel du RC Lens a t-il succédé ?Philippe Montanier
71%
Quel est le joueur le plus capé du RC Lens ?Eric Sikora
68%
En quelle division évolue le RC Lens Féminin ?Division 2
66%
Quelle est la capacité du Stade Bollaert ?38 223 places
65%
Que trouve t'on sur le logo du RC Lens ?Une lampe de mineur et un chateau entouré de deux fleurs de lys
57%
Qui est le meilleur buteur du RC Lens depuis sa création ?Ahmed Oudjani
55%
Quel joueur est arrivé en provenance de Talleres en 2020 ?Facundo Médina
52%
Quelle est la plus large victoire du RC Lens en première division ?10-2 contre Racing Club de Paris
46%
Combien de saisons le RC Lens a t-il joué en seconde division?22
46%
Combien de participations compte le RC Lens en Ligue des Champions ?3
45%
Quelle est la plus large victoire du RC Lens en Coupe d'Europe ?7-0 contre Fc Avenir Beggen
34%
en quelle année fut fondé l'équipe féminine du RC Lens ?2020
32%
Qui est le directeur sportif actuel du RC Lens ?Frédéric Hébert
29%
Quelle est la plus lourde défaite du RC Lens en première Division ?6-0 contre Monaco
28%
A quoi font référence les couleurs sang et or sur le maillot lensois ?Le sang et le charbon
28%
En quelle année le RC Lens a t-il gagné a Wembley contre Arsenal en Ligue des Champions?1998
26%
Quel joueur a le plus grand nombre de matchs joués en coupe d'Europe avec le RC Lens ?Seydou Koita
26%
Depuis quelle saison le RC Lens a t'il le statut d'équipe professionnel ?1934-1935
25%
Combien de saisons le RC Lens a t-il joué en première division ?68
20%
Combien de trophées le RC Lens a t-il remporté ?10
17%
Quel joueur passé par le RC Lens a le plus de sélections en Equipe de France?Maryan Wisnieski
15%
Avec combien de buts ?124
6%
Avec combien de matchs joués?585 matchs
5%
Avec combien de matchs joués?36
0%

Distribution des résultats

Percentile par nombre de réponses

% des personnes avec chaque résultat

Votre développement - résultats

Vous n’avez pas pris ce quiz depuis la dernière actualisation